Click the Movie Title Ending #7 - with "A" - Statistics

General Stats
  • This quiz has been taken 424 times
  • The average score is 8 of 10
Answer Stats
Hint Answer % Correct
A Thousand Words
95%
A Bug's Life
91%
A Clockwork Orange
87%
A Quiet Place
85%
A Royal Affair
82%
A Christmas Story
82%
A Knight's Tale
80%
A New Hope
77%
A Beautiful Mind
75%
A Dog's Purpose
49%
No matching quizzes found
Score Distribution
Percent of People with Each Score
Percentile by Number Answered
Your Score History
You have not taken this quiz